000 002690000a22000970004500
100 1 _aButler, Phill
245 1 0 _aStrategic partnerships changing the shape of world evangelization
300 _aNúm 72 (1995), Páginas 4-7
773 0 _tWorld Evangelization
942 _cANA
999 _c57554
_d57554